Etika v konkurenčním zpravodajství
Konkurenčné spravodajstvo (competitive intelligence) ako legálny a etický proces zbierania, sledovania a analýzy informácií o konkurenčných firmách. Primárne a sekundárne informačné zdroje. Priemyselná špionáž.
Saved in:
| Main Author: | |
|---|---|
| Format: | Book Chapter |
| Language: | Czech |
| Subjects: | |
| Tags: |
No Tags, Be the first to tag this record!
|
MARC
| LEADER | 00000naa$a2200000$$$4500 | ||
|---|---|---|---|
| 001 | 0090913 | ||
| 005 | 20221128091534.5 | ||
| 041 | 0 | |a cze | |
| 044 | |a SK | ||
| 245 | 1 | 0 | |a Etika v konkurenčním zpravodajství |c Lukáš Herzán |
| 520 | |a Konkurenčné spravodajstvo (competitive intelligence) ako legálny a etický proces zbierania, sledovania a analýzy informácií o konkurenčných firmách. Primárne a sekundárne informačné zdroje. Priemyselná špionáž. | ||
| 610 | 2 | 0 | |a firmy |
| 610 | 2 | 0 | |a informácie |
| 610 | 2 | 0 | |a internet |
| 610 | 2 | 0 | |a konkurencia |
| 610 | 2 | 0 | |a podnikanie |
| 610 | 2 | 0 | |a špionáž priemyselná |
| 610 | 2 | 0 | |a etika |
| 100 | 1 | |a Herzán, Lukáš | |